Teatre complet / Molière
ISBN:
84-7794-974-3
Descripción Física:
1 v. ; 22 cm
Colección:
Clàssics ; 8
Otros Autores:
Desclot, Miquel, 1952-
Materias:
Molière -- Teatre
MARC
| LEADER | 00000nam a2200000Ia 4500 | ||
|---|---|---|---|
| 001 | 16081 | ||
| 008 | 160829s2003 xx 000 0 cat d | ||
| 020 | |a 84-7794-974-3 (o.c.), 84-7794-973-5 (v.1) | ||
| 080 | |a L-2-39 | ||
| 100 | |a Molière |9 22883 | ||
| 245 | |a Teatre complet / Molière | ||
| 260 | |a Barcelona : |b Diputació de Barcelona, Institut del teatre, |c 2003 | ||
| 300 | |a 1 v. ; |c 22 cm | ||
| 490 | |a Clàssics ; 8 | ||
| 590 | |a Conté: El carabrut gelós. El metge corre-cuita. L'eixelebrat o els contratemps. El despit amorós. Les melindroses ridícules. Esganarell o el banyut imaginari / edició dirigida per Miquel Desclot. | ||
| 590 | |a 2003 | ||
| 650 | |a Molière |x Teatre |9 36135 | ||
| 700 | 1 | |a Desclot, Miquel, |d 1952- |9 36136 | |
| 710 | 1 | |a Institut del Teatre (Barcelona, Catalunya) |9 52662 | |
| 901 | |a Arxiu | ||
| 942 | |n 1 | ||
| 952 | |0 0 |1 0 |4 0 |6 L239 |7 1 |9 47183 |a Arxiu |b Arxiu |d 2016-12-01 |l 0 |o L-2-39 |p 16081 |r 2016-12-01 00:00:00 |w 2016-12-01 |y ARXIU | ||
| 999 | |c 50980 |d 50980 | ||